| 000 | 00760nam a2200181Ia 4500 | ||
|---|---|---|---|
| 008 | 090201s9999 xx 000 0 und d | ||
| 010 | _aKPL-67581 | ||
| 040 | _bमराठी | ||
| 041 | _aमराठी | ||
| 082 |
_a44975 _b67581 |
||
| 100 | _aराधाविनोद राजू अन/सारंग दर्शन कार्तिकेयन डी आर | ||
| 245 |
_aशोध राजीव हत्येचा _cराधाविनोद राजू अन/सारंग दर्शन कार्तिकेयन डी आर |
||
| 250 | _a1 | ||
| 260 |
_c2005 _bराजहंस प्रकाशन |
||
| 300 |
_a277 _bमोठा |
||
| 600 | _aशोध राजीव हत्येचा | ||
| 942 | _cBOOK | ||
| 999 |
_c241947 _d241947 |
||